header

Women and collective action in Africa (Record no. 187591)

MARC details
000 -LEADER
fixed length control field 01455nam a2200361Ia 4500
100 1# - MAIN ENTRY--AUTHOR NAME
Personal name Steady, Filomina Chioma.
245 10 - TITLE STATEMENT
Title Women and collective action in Africa
250 ## - EDITION STATEMENT
Edition statement 1st ed.
260 ## - PUBLICATION, DISTRIBUTION, ETC. (IMPRINT)
Place of publication New York :
Name of publisher Palgrave Macmillan,
Year of publication 2006.
300 ## - PHYSICAL DESCRIPTION
Number of Pages xiv, 208 p. :
Other physical details ill., maps.
650 #0 - SUBJECT ADDED ENTRY--TOPICAL TERM
Topical Term Women
Topical Term Non-governmental organizations
Topical Term Women in development
Topical Term Feminism
856 40 - ELECTRONIC LOCATION AND ACCESS
Uniform Resource Identifier http://site.ebrary.com/lib/rucke/Doc?id=10135431

No items available.

© 2026 Rongo University
Contact us: librarian | system librarian | Rongo university